000 00750nam a22002897a 4500
001 BR0003518
003 BR-BrBNA
005 20230928100709.0
007 ta
008 230509b bl.||||| |||| 00| 0 por d
040 _aBR-BrBNA
_bpor
_cBiblioteca Nacional de Agricultura
041 _a(Por)
072 _aH50
_b0312
090 _ 0312 BR0003518
100 1 _aSouza, R.L.R. de
100 1 _aVeiga, A.S.
100 1 _aRamos, E.J.A.
245 1 _aAmarelecimento fatal do dendezeiro: identificacao pratica
260 3 _aBelem, PA (Brasil):
_c2000.
300 _a27 p.
500 _a7 ref.; 29 illus.
650 _aDende
650 _aDisturbio Fisiologico
650 _aSintoma
909 _a202309
_bLucia
_c55
_dLucia Elande
942 _cBK
999 _c62385
_d62385